Musical Composers - Statistics

General Stats
  • This quiz has been taken 40 times
  • The average score is 9 of 15
Answer Stats
Hint Answer % Correct
The Marriage of Figaro Mozart
91%
Fidelio Beethoven
88%
Christmas Oratorio Bach
85%
The Firebird Stravinsky
85%
Water Music Handel
82%
Golliwog's Cakewalk Debussy
70%
The Clock Haydn
70%
The Trout Schubert
67%
Papillons Schumann
58%
Liebestraum Liszt
52%
Jeux D'eau Ravel
48%
Songs Without Words Mendelssohn
42%
Elegie Rachmaninoff
24%
Magnificat Vivaldi
21%
Atmosphères Ligeti
15%
No matching quizzes found
Score Distribution
Percent of People with Each Score
Percentile by Number Answered
Your Score History
You have not taken this quiz